000 00640nam a2200253Ia 4500
001 UByD001372
003 AR-LpoUNG
005 20230422094641.0
008 230420s2018||||ag |||||||||||||| ||spa|d
020 _a9789871991624
040 _aAR-LpoUNG
_bspa
_cAR-LpoUNG
_eaacr
082 0 _aA861 352cat
100 1 _aScarone Delgado, Rubén Gaspar
245 1 0 _aCataléptico :
_bpoesía fantástica
250 _a1ra. ed.
260 _aBuenos Aires :
_bR y C,
_c2018.
300 _a68 p.
650 4 _aARGENTINA
650 4 _aLITERATURA
650 4 _aPOESIA
653 4 _aAUTORES LOCALES
905 _aCJPM489
942 _cLIB
_2ddc
999 _c63929
_d63929